Регионална библиотека "Любен Каравелов" - Русе

Ariadne auf Naxos [CD аудио] (Запис номер 216802)

MARC детайли
000 -Лидер
Контролно поле с фиксирана дължина 02054njm a2200457 c 4500
003 - Код на организацията, давaща контролен номер
Контролно поле BLK
005 - Дата и час на последна редакция
Контролно поле 20250324092832.0
008 - Елементи от данни с фиксирана дължина
fixed length control field 180410b bul||n||s|||||||| n|bulo|
010 ## - Наследен системен номер
LC control number CDD00000608000
040 ## - Източник на каталожния запис
Идентификатор на билиотеката - собственик на записа BLK
041 ## - Код за език
Код за езика на текст/звукозапис или на отделно заглавие Немски
Код за езика КДБФ Немски
080 ## - УДК
Текстов определител УДК Опера. Музикална драма. Романтична опера. Опера-приказка
УДК код - определител по УДК 782.1
УДК определител
УДК - код + определител 782.1
100 1# - Редна дума - Автор
Автор Щраус, Рихард
Дати, свързани с автора 1864 - 1949
R(LIN) 144682
139 ## - Редно поле
Редна дума Щраус, Рихард
Авторски знак Щр - Щ 54
245 10 - Сведения за заглавието
Заглавие Ariadne auf Naxos [CD аудио]
Подзаглавни данни CD 1-2
Редно поле (дума) Рихард Щраус; * Richard Strauss; изп. Staatskapelle Dresden; либрето Hugo von Hofmannsthal; сопран Gundula Janowitz; тенор James King; сопран Teresa Zylis-Gara; сопран Sylvia Geszty; баритон Hermann Prey; тенор Anton Dermota; тенор Peter Schreier; бас-баритон Theo Adam; диригент Rudolf Kempe.
Том CD 1
257 ## - Страна на издаване
Страна на създаване/издаване Германия
260 ## - Област на издателските данни
-- S. l.
Име на издателя, разпространителя и проч. EMI Classics
Година на издаване 2008
300 ## - Физическа характеристика
Размери/Мащаб 12 cm.
Тип мерна единица бр. в к-т
Количество на мерната единица 1 CD
380 ## - Жанр
Жанр Изкуство
650 #4 - Допълнително описание по предмет – тема
Основно описание – тема или топоним Опери
9 (RLIN) 165041
653 ## - Ключова дума – ненормативна
Ключова дума Опера
700 1# - Други автори (авторска отговорност)
Лично име Strauss, Richard
9 (RLIN) 25540
700 1# - Други автори (авторска отговорност)
Лично име Staatskapelle Dresden
Автороска отговорност (Описва отношението между автора и произведението) изп.
9 (RLIN) 353385
700 1# - Други автори (авторска отговорност)
Лично име Hofmannsthal, Hugo von
Автороска отговорност (Описва отношението между автора и произведението) либрето
9 (RLIN) 13156
700 1# - Други автори (авторска отговорност)
Лично име Janowitz, Gundula
Автороска отговорност (Описва отношението между автора и произведението) сопран
9 (RLIN) 14024
700 1# - Други автори (авторска отговорност)
Лично име King, James
Автороска отговорност (Описва отношението между автора и произведението) тенор
9 (RLIN) 353670
700 1# - Други автори (авторска отговорност)
Лично име Zylis-Gara, Teresa
Автороска отговорност (Описва отношението между автора и произведението) сопран
9 (RLIN) 28902
700 1# - Други автори (авторска отговорност)
Лично име Geszty, Sylvia
Автороска отговорност (Описва отношението между автора и произведението) сопран
9 (RLIN) 11062
700 1# - Други автори (авторска отговорност)
Лично име Prey, Hermann
Автороска отговорност (Описва отношението между автора и произведението) баритон
9 (RLIN) 21711
700 1# - Други автори (авторска отговорност)
Лично име Dermota, Anton
Автороска отговорност (Описва отношението между автора и произведението) тенор
9 (RLIN) 8374
700 1# - Други автори (авторска отговорност)
Лично име Schreier, Peter
Дати, свързани с автора 1935 - 2019
Друга информация Тенор
Автороска отговорност (Описва отношението между автора и произведението) тенор
9 (RLIN) 23826
700 1# - Други автори (авторска отговорност)
Лично име Adam, Theo
Дати, свързани с автора 1926 - 2019
Друга информация бас-баритон
9 (RLIN) 3179
700 1# - Други автори (авторска отговорност)
Лично име Kempe, Rudolf
Автороска отговорност (Описва отношението между автора и произведението) диригент
9 (RLIN) 14912
760 1# - Описание на основната серия
Редна дума на основното описание Щраус, Рихард
Страници - том 38мин. 28сек.
Заглавие CD 1
852 ## - Местоположение
Форматна сигнатура Цб CD 2075
Част 0
856 4# - Електронен адрес и достъп
Електронен формат pdf - файл
Път до файла /url/
856 4# - Електронен адрес и достъп
Електронен формат pdf - файл
Път до файла /url/
942 ## - АРТИКУЛИ
Вид на библиотечния материал Компактдискове
Скрит в OPAC Не
944 ## - СЪЗДАВАНЕ И РЕДАКЦИЯ на ЗАПИСА
Създаване/Редакция Създаване
Дата на регистрацията/редакция 07.01.2009
Служител, извършил регистрацията/редакцията 30560
Статус, дата на статуса Геновева Генчева
944 ## - СЪЗДАВАНЕ И РЕДАКЦИЯ на ЗАПИСА
Създаване/Редакция Редакция
Дата на регистрацията/редакция 07.01.2009
Служител, извършил регистрацията/редакцията
999 ## - СИСТЕМНИ КОНТРОЛНИ НОМЕРА
Koha biblionumber 216802
Koha biblioitemnumber 216802
Наличности
Код за отписване Код за изгубен артикул Източник на класификационната схема Код за повреда Коз за рестрикции Код за отдаване Артикулен № Име на библиотеката - собственик Име на библиотеката, в която се намира в момента Статус (Текущо местоположение) Дата на вписване в системата Местоположение - отдел Цена в лева Инвентарен номер Систематично азбучна сигнатура Баркод Номер на екземпляра Цена в евро Служебна бележка Служебен тип на артикула
  Не е изгубен Universal Decimal Classification Не е повреден без рестрикции заемане за дома 388176 Регионална библиотека "Любен Каравелов" Русе Регионална библиотека "Любен Каравелов" Русе Отдел Изкуство - подръчен фонд 2000-01-01 Отдел Изкуство - подръчен фонд 5.00 120000907133 782/S 88 120000907133 1 2.56 Дост: DA Вид: А N: стар фонд Дата: 01.01.2000 Съставил: Теодора_Стоянова Компактдискове
Vip Innovations Ltd, Rousse, Bulgaria 2025